000 00592nam a2200193Ii 4500
003 JO-AjNU
008 230605s9999||||xx |||||||||||||| ||und||
040 _aJO-AjNU
_bara
_erda
_cJO-AjNU
041 _aara
050 1 4 _aPJ7852.A53.A17 1983
100 3 _aتأليف النجفي،أحمد الصافي,
_eauthor
_912788
245 0 0 _aحصاد السجن
264 3 1 _aبيروت:مكتبة المعارف،1983
300 _a159ص
336 _atext
_btxt
_2rdacontent
337 _aunmediated
_bn
_2rdamedia
338 _avolume
_bnc
_2rdacarrier
650 4 _aالأدب العربي
_912789
999 _aA3013
_c6581
_d6581